Effect of antibiotic on fattening pig raspiratory disease from 30kg until slaughter in nov sreychan farm, toulprich commune, angksnoul district, kandal province; ប្រសិទ្ធភាពអង់ទីប៊ីយ៉ូទិចលើជំងឺផ្លុវដង្ហើមជ្រូកសាច់ចាប់ពីទម្ងន់៣០គីឡូក្រាម រហូតដល់ពេលពិឃាដនៅកសិដ្ឋាន នៅ ស្រីចាន់ ស្ថិតក្នុងឃុំទួលព្រិច ស្រុកអង្គស្មួល (Record no. 10479)

000 -LEADER
fixed length control field 00903nam a22001337a 4500
040 ## - CATALOGING SOURCE
Transcribing agency RUA
082 ## - DEWEY DECIMAL CLASSIFICATION NUMBER
Classification number VEM TEN 2015 B481 Or.1
100 ## - MAIN ENTRY--AUTHOR NAME
Personal name TENG SOKHA; តេង សុខា
245 ## - TITLE STATEMENT
Title Effect of antibiotic on fattening pig raspiratory disease from 30kg until slaughter in nov sreychan farm, toulprich commune, angksnoul district, kandal province; ប្រសិទ្ធភាពអង់ទីប៊ីយ៉ូទិចលើជំងឺផ្លុវដង្ហើមជ្រូកសាច់ចាប់ពីទម្ងន់៣០គីឡូក្រាម រហូតដល់ពេលពិឃាដនៅកសិដ្ឋាន នៅ ស្រីចាន់ ស្ថិតក្នុងឃុំទួលព្រិច ស្រុកអង្គស្មួល
260 ## - PUBLICATION, DISTRIBUTION, ETC. (IMPRINT)
Place of publication Phnom Penh
Name of publisher RUA
Year of publication 2015
300 ## - PHYSICAL DESCRIPTION
Number of Pages x; 34p;
Other physical details ill;
Dimensions 29cm;
856 ## - ELECTRONIC LOCATION AND ACCESS
Uniform Resource Identifier TENG SOKHA
942 ## - ADDED ENTRY ELEMENTS (KOHA)
Koha item type VEM
952 ## - LOCATION AND ITEM INFORMATION (KOHA)
Withdrawn status [LOCAL, KOHA] 0
952 ## - LOCATION AND ITEM INFORMATION (KOHA)
Withdrawn status [LOCAL, KOHA] 0
952 ## - LOCATION AND ITEM INFORMATION (KOHA)
Withdrawn status [LOCAL, KOHA] 0
952 ## - LOCATION AND ITEM INFORMATION (KOHA)
Withdrawn status [LOCAL, KOHA] 0
952 ## - LOCATION AND ITEM INFORMATION (KOHA)
Withdrawn status [LOCAL, KOHA] 0
952 ## - LOCATION AND ITEM INFORMATION (KOHA)
Withdrawn status [LOCAL, KOHA] 0
952 ## - LOCATION AND ITEM INFORMATION (KOHA)
Withdrawn status [LOCAL, KOHA] 0
952 ## - LOCATION AND ITEM INFORMATION (KOHA)
Withdrawn status [LOCAL, KOHA] 0
952 ## - LOCATION AND ITEM INFORMATION (KOHA)
Withdrawn status [LOCAL, KOHA] 0
952 ## - LOCATION AND ITEM INFORMATION (KOHA)
Withdrawn status [LOCAL, KOHA] 0
952 ## - LOCATION AND ITEM INFORMATION (KOHA)
Withdrawn status [LOCAL, KOHA] 0
Holdings
Permanent Location Date acquired Koha item type Lost status Shelving location Barcode Current Location Full call number
Library Block B2016-10-24VEM B481A01793Library Block BVEM TEN 2015 B481 Or.1
Library Block B2016-10-24VEM B481A01795Library Block BVEM TEN 2015 B481 Or.2
Library Block B2016-10-24VEM B481A00262Library Block BVEM TEN 2015 B481 Or.3
Library Block B2016-10-24VEM B481A00452Library Block BVEM TEN 2015 B481 Or.4
Library Block B2016-10-24VEM B481A01152Library Block BVEM TEN 2015 B481 Or.5
Library Block B2016-10-24VEM B481A01160Library Block BVEM TEN 2015 B481 Or.6
Library Block B2016-10-24VEM B481RUA062733Library Block BVEM TEN 2015 B481 Or.7
Library Block B2016-10-24VEM B481A00342Library Block BVEM TEN 2015 B481 Or.8
Library Block B2021-10-13VEM B693A09478Library Block BVEM TEN 2015 B693 Or.1
Library Block B2021-10-13VEM B693A10294Library Block BVEM TEN 2015 B693 Or.1
Library Block B2021-10-13VEM B693A065971Library Block BVEM TEN 2015 B693 Or.1
មជ្ឈមណ្ឌលឯការនៃសាកលវិទ្យាល័យភូមិន្ទកសិកម្មចំការដូង

Powered by Koha